| 000 | 01080nam a22001937a 4500 | ||
|---|---|---|---|
| 003 | PILC | ||
| 005 | 20240625112027.0 | ||
| 008 | 240625b |||||||| |||| 00| 0 eng d | ||
| 010 | _aAcc#48960 | ||
| 040 | _cPhilippine Baptist Theological Seminary | ||
| 050 |
_aBT 823 _b.L33 1969 |
||
| 245 | _aLast things: a symposium of prophetic messages / | ||
| 264 |
_aGrand Rapids, Michigan : _bZondervan Publishing House, _c©1969. |
||
| 300 |
_a160 pages ; _c21 cm. |
||
| 504 | _aIncludes bibliographical references. | ||
| 505 | _aPart I: History and eschatology The climax of history -- A philosophy of Christian eschatology -- History and the Jews -- The ever-present future -- Here and now and yet to be -- Part II: The natural order and eschatology Eschatology and astro-physics -- A chemist considers last things -- Eschatology and astronomy -- Part III: The spiritual order and eschatological hope Intimations of immortality -- Sunrise-today! -- The blessed hope -- Jesus' concept of the kingdom of God -- | ||
| 700 | _aEdited by H. Leo Eddleman | ||
| 942 |
_2lcc _cCB |
||
| 999 |
_c75043 _d75043 |
||